| 000 | 00449nam a2200181Ia 4500 | ||
|---|---|---|---|
| 001 | 3524 | ||
| 005 | 20260306145650.0 | ||
| 008 | 260306t2013||||xx |||||||||||||| ||spa|| | ||
| 041 | _aESP | ||
| 082 |
_a287 _bE328 |
||
| 100 |
_aHernández Bello, Álvaro _eAUT |
||
| 245 | 0 | _aEducación y religión en contextos de transición | |
| 260 | _c2013 | ||
| 300 |
_a321 páginas : _c24 cm. |
||
| 650 | _aGEN | ||
| 654 | _aCHU | ||
| 942 |
_cLIB _dJUS _fJUS _2ddc _n |
||
| 999 |
_c3524 _d3524 |
||